<?xml version="1.0" encoding="UTF-8"?>
<record
    xmlns:xsi="http://www.w3.org/2001/XMLSchema-instance"
    xsi:schemaLocation="http://www.loc.gov/MARC21/slim http://www.loc.gov/standards/marcxml/schema/MARC21slim.xsd"
    xmlns="http://www.loc.gov/MARC21/slim">

  <leader>07660nam a2200385   4500</leader>
  <controlfield tag="001">57252</controlfield>
  <controlfield tag="003">Biblioteca APEC</controlfield>
  <controlfield tag="005">20251014134042.0</controlfield>
  <controlfield tag="008">220716b2021    dr ||||| |||| 00| 0 spa d</controlfield>
  <datafield tag="040" ind1=" " ind2=" ">
    <subfield code="a">Biblioteca UNAPEC</subfield>
    <subfield code="b">spa</subfield>
    <subfield code="c">Biblioteca APEC</subfield>
    <subfield code="e">rda</subfield>
  </datafield>
  <datafield tag="041" ind1=" " ind2=" ">
    <subfield code="a">spa</subfield>
  </datafield>
  <datafield tag="072" ind1=" " ind2=" ">
    <subfield code="a">Facultad de Humanidades</subfield>
  </datafield>
  <datafield tag="090" ind1=" " ind2=" ">
    <subfield code="a">TPG-CI MAS-04 2021</subfield>
  </datafield>
  <datafield tag="100" ind1="1" ind2="0">
    <subfield code="a">Pichardo Paulino, Perfecto Roselio</subfield>
    <subfield code="e">autor</subfield>
    <subfield code="9">106596</subfield>
  </datafield>
  <datafield tag="245" ind1="1" ind2="0">
    <subfield code="a">Dise&#xF1;o de estrategias pedag&#xF3;gicas con el uso de competencias que favorecen el proceso de ense&#xF1;anza-aprendizaje en la resoluci&#xF3;n de problemas con ecuaciones de primer grado, segundo grado del nivel secundario del Liceo Nuestra Se&#xF1;ora del Perpetuo Socorro, Santo Domingo Este /</subfield>
    <subfield code="c">Perfecto Roselio Pichardo Paulino ; asesor: Santiago de Jes&#xFA;s Artidiello Moreno</subfield>
  </datafield>
  <datafield tag="260" ind1=" " ind2=" ">
    <subfield code="a">Santo Domingo :</subfield>
    <subfield code="b">Universidad APEC,</subfield>
    <subfield code="c">2021</subfield>
  </datafield>
  <datafield tag="300" ind1=" " ind2=" ">
    <subfield code="a">73 hojas ;</subfield>
    <subfield code="e">+ 1 CD ROM</subfield>
  </datafield>
  <datafield tag="336" ind1=" " ind2=" ">
    <subfield code="a">Texto</subfield>
    <subfield code="b">txt</subfield>
    <subfield code="2">rdacontent</subfield>
  </datafield>
  <datafield tag="337" ind1=" " ind2=" ">
    <subfield code="a">sin mediaci&#xF3;n</subfield>
    <subfield code="b">n</subfield>
    <subfield code="2">rdamedia</subfield>
  </datafield>
  <datafield tag="338" ind1=" " ind2=" ">
    <subfield code="a">volumen</subfield>
    <subfield code="b">nc</subfield>
    <subfield code="2">rdacarrier</subfield>
  </datafield>
  <datafield tag="500" ind1=" " ind2=" ">
    <subfield code="a">Tesis en Formato PDF.
Tesis en Formato Electr&#xF3;nico.
Tesis en Formato Digital.</subfield>
  </datafield>
  <datafield tag="502" ind1=" " ind2=" ">
    <subfield code="a">Tesis (Maestr&#xED;a en Matem&#xE1;tica Superior) - Universidad APEC, 2021</subfield>
  </datafield>
  <datafield tag="504" ind1=" " ind2=" ">
    <subfield code="a">Incluye referencias bibliogr&#xE1;ficas e &#xED;ndice</subfield>
  </datafield>
  <datafield tag="505" ind1=" " ind2=" ">
    <subfield code="a">&#x2022;	INTRODUCCI&#xD3;N -- 1
&#x2022;	CAP&#xCD;TULO I-- 8
&#x2022;	TEOR&#xCD;AS, ENFOQUES Y ESTRATEGIAS PEDAG&#xD3;GICAS QUE INFLUYEN EN EL PROCESO ENSENA&#xD1;ZA-APRENDIZAJE -- 8
&#x2022;	1.1 Teor&#xED;as y enfoques pedag&#xF3;gicos -- 9
&#x2022;	1.1.1 La teor&#xED;a del aprendizaje social de Bandura -- 9
&#x2022;	1.1.2 Teor&#xED;a del constructivismo de Jean Piaget -- 10
&#x2022;	1.1.3 Teor&#xED;a del aprendizaje significativo de Ausubel -- 11
&#x2022;	1.1.4 Teor&#xED;a sociocultural de Lev Vygotsky -- 12
&#x2022;	1.2 Enfoques pedag&#xF3;gicos -- 13
&#x2022;	1.2.1 Enfoque conductista -- 13
&#x2022;	1.2.2 Enfoque humanista -- 14
&#x2022;	1.2.3 Enfoque constructivista -- 14
&#x2022;	1.2.4 Enfoque por competencias -- 15
&#x2022;	1.2.5 Enfoque tecnol&#xF3;gico -- 17
&#x2022;	1.3 Estrategias de ense&#xF1;anza-aprendizaje -- 18
&#x2022;	1.3.1 Tipos de estrategias seg&#xFA;n el Dise&#xF1;o Curricular dominicano -- 19
&#x2022;	1.4 Conclusi&#xF3;n del cap&#xED;tulo I -- 23
&#x2022;	CAP&#xCD;TULO II -- 25
&#x2022;	IMPORTANCIA DEL PROCESO DE ENSE&#xD1;ANZA- APRENDIZAJE DE LA RESOLUCION DE PROBLEMAS COMO COMPETENCIA DE LAS MATEM&#xC1;TICAS -- 25
&#x2022;	2.1 Proceso de ense&#xF1;anza-aprendizaje por competencia -- 25
&#x2022;	2.1.1 La evoluci&#xF3;n del modelo de ense&#xF1;anza aprendizaje -- 26
&#x2022;	2.2 Problema matem&#xE1;tico -- 27
&#x2022;	2.2.1 Componentes de un problema matem&#xE1;tico -- 28
&#x2022;	2.2.2 Resoluci&#xF3;n de problemas en el proceso ense&#xF1;anza-aprendizaje -- 30
&#x2022;	2.2.3 Etapas de la resoluci&#xF3;n de problemas matem&#xE1;ticos -- 34
&#x2022;	2.2.4 Estrategias de resoluci&#xF3;n de problemas -- 37
&#x2022;	2.2.5 Importancia de la resoluci&#xF3;n de problemas -- 38
&#x2022;	2.3 Componentes del proceso de ense&#xF1;anza-aprendizaje de las ecuaciones de primer grado -- 39
&#x2022;	2.4 An&#xE1;lisis del proceso ense&#xF1;anza-aprendizaje para la resoluci&#xF3;n de problemas con ecuaciones de primer grado para los estudiantes de segundo de secundaria -- 43
&#x2022;	2.4.1 Origen y concepto de algebra -- 45
&#x2022;	2.4.2 Lenguaje algebraico -- 46
&#x2022;	2.4.3 Ecuaciones de primer grado -- 46
&#x2022;	2.4.4 Ecuaciones equivalentes -- 48
&#x2022;	2.4.5 Clasificaci&#xF3;n de las ecuaciones -- 49
&#x2022;	2.4.6 Axiomas fundamentales de las ecuaciones -- 50
&#x2022;	2.4.7 Resoluci&#xF3;n de ecuaciones -- 51
&#x2022;	2.5 Conclusi&#xF3;n del cap&#xED;tulo II -- 53
&#x2022;	CAP&#xCD;TULO III -- 54
&#x2022;	METODOLOG&#xCD;A PARA EL DESARROLLO DEL DISE&#xD1;O POR COMPETENCIA DE LAS ECUACIONES DE PRIMER GRADO -- 54
&#x2022;	3.1 Diagn&#xF3;stico de la situaci&#xF3;n actual del proceso ense&#xF1;anza-aprendizaje de las ecuaciones de primer grado -- 55
&#x2022;	3.2 Metodolog&#xED;a del proceso ense&#xF1;anza-aprendizaje de la resoluci&#xF3;n de problemas con ecuaciones de primer grado seg&#xFA;n el enfoque por competencias -- 59
&#x2022;	3.2.1 Fundamentaci&#xF3;n te&#xF3;rica en que se sustenta el aprendizaje por competencia de las ecuaciones de primer grado -- 60
&#x2022;	3.2.2 Tipo de investigaci&#xF3;n-- 61
&#x2022;	3.2.3 Recursos necesarios -- 62
&#x2022;	3.2.4 Evaluaci&#xF3;n -- 62
&#x2022;	3.3 Propuesta de estrategia pedag&#xF3;gica por competencias para la ense&#xF1;anza de las ecuaciones de primer grado -- 63
&#x2022;	3.4 Conclusi&#xF3;n del cap&#xED;tulo III -- 68
&#x2022;	CONCLUSIONES -- 69
&#x2022;	REFERENCIAS BIBLIOGR&#xC1;FICAS -- 71
&#x2022;	ANEXOS -- 74
&#x2022;	Anexo #1. Programa de la asignatura de matem&#xE1;tica que contiene el tema de estudio. -- 74
&#x2022;	Anexo #2. Entrevista dirigida a los profesores del &#xE1;rea de matem&#xE1;tica de segundo de secundaria del Liceo Nuestra Se&#xF1;ora del Perpetuo Socorro. -- 77
&#x2022;	Anexo #3. Encuesta para profesores de matem&#xE1;tica que imparten docencia en segundo de secundaria del liceo Nuestra Se&#xF1;ora del Perpetuo Socorro. -- 79
&#x2022;	Anexo #4. Encuesta para los/as estudiantes de matem&#xE1;tica de segundo grado de secundaria del liceo Nuestra Se&#xF1;ora del Perpetuo Socorro. -- 80
&#x2022;	Anexo #5. Ficha de observaci&#xF3;n en clases que se les aplicara a los docentes del &#xE1;rea de matem&#xE1;tica de segundo de secundaria del liceo Nuestra Se&#xF1;ora del Perpetuo Socorro. -- 81
&#x2022;	Anexo #6. Examen de conocimientos previos que se le aplicara a los alumnos de segundo de secundaria del Liceo Nuestra Se&#xF1;ora del Perpetuo Socorro. -- 84
&#x2022;	Anexo #7. Evaluaci&#xF3;n final que se le aplicara a los alumnos de segundo de secundaria del Liceo Nuestra Se&#xF1;ora del Perpetuo Socorro. -- 85
Anexo #8. Planificaci&#xF3;n de unidad de aprendizaje -- 87</subfield>
  </datafield>
  <datafield tag="520" ind1=" " ind2=" ">
    <subfield code="a">En los &#xFA;ltimos tiempos, en el proceso ense&#xF1;anza-aprendizaje se han implementado varios modelos pedag&#xF3;gicos en pro de la educaci&#xF3;n, actualmente se ha agregado al curr&#xED;culo el enfoque por competencias el cual busca explotar la capacidad del estudiante logrando que este sea el protagonista central de su aprendizaje adquiriendo conocimiento a partir de sus propias experiencias y las que le brinda el contexto, la presente investigaci&#xF3;n trata sobre una propuesta para dise&#xF1;ar estrategias pedag&#xF3;gicas con el uso de competencias que favorecen el proceso de ense&#xF1;anza-aprendizaje de la resoluci&#xF3;n de problemas con ecuaciones de primer grado, con la finalidad de mejorar el aprendizaje de las ecuaciones a trav&#xE9;s de la competencia resoluci&#xF3;n de problemas a partir de situaciones de la cotidianidad, aplicando t&#xE9;cnicas innovadoras que despierten la motivaci&#xF3;n del alumno; el estudio est&#xE1; sustentado bajo los principios que establece el dise&#xF1;o curricular basado en el enfoque por competencias, asimismo presenta tres cap&#xED;tulos de los cuales el primero presenta las teor&#xED;as y enfoques pedag&#xF3;gicos influyentes en el proceso ense&#xF1;anza-aprendizaje; el segundo cap&#xED;tulo trata sobre la importancia del proceso de ense&#xF1;anza-aprendizaje de la resoluci&#xF3;n de problemas como competencia de las matem&#xE1;ticas; el tercer cap&#xED;tulo muestra la metodolog&#xED;a propuesta para el desarrollo del dise&#xF1;o por competencias de las ecuaciones de primer grado, donde se proponen una serie de actividades a partir del contenido de una clase, la cual est&#xE1; estructurada para dotar al alumno de las aptitudes y herramientas para resolver situaciones problem&#xE1;ticas del quehacer cotidiano, dando respuestas m&#xE1;s asertivas de una manera m&#xE1;s din&#xE1;mica.</subfield>
  </datafield>
  <datafield tag="650" ind1=" " ind2="7">
    <subfield code="2">lemb</subfield>
    <subfield code="a">Matem&#xE1;ticas</subfield>
    <subfield code="x">Ense&#xF1;anza</subfield>
    <subfield code="9">106883</subfield>
  </datafield>
  <datafield tag="650" ind1=" " ind2="7">
    <subfield code="2">lemb</subfield>
    <subfield code="a">Matem&#xE1;ticas</subfield>
    <subfield code="x">Problemas, ejercicios, etc.</subfield>
    <subfield code="9">106884</subfield>
  </datafield>
  <datafield tag="650" ind1=" " ind2="7">
    <subfield code="2">lemb</subfield>
    <subfield code="a">Ecuaciones de primer grado</subfield>
    <subfield code="x">Ense&#xF1;anza</subfield>
    <subfield code="9">106885</subfield>
  </datafield>
  <datafield tag="650" ind1=" " ind2="7">
    <subfield code="2">lemb</subfield>
    <subfield code="a">Ecuaciones de primer grado</subfield>
    <subfield code="x">Problemas, ejercicios, etc.</subfield>
    <subfield code="9">106886</subfield>
  </datafield>
  <datafield tag="650" ind1=" " ind2="7">
    <subfield code="a">Pedagog&#xED;a</subfield>
    <subfield code="9">106887</subfield>
  </datafield>
  <datafield tag="700" ind1=" " ind2="0">
    <subfield code="a">Artidiello Moreno, Santiago de Jes&#xFA;s</subfield>
    <subfield code="e">asesor</subfield>
    <subfield code="9">89610</subfield>
  </datafield>
  <datafield tag="856" ind1=" " ind2=" ">
    <subfield code="u">https://bibliotecaunapec.blob.core.windows.net/tesis/TPG_CI_MAS_04_2021_ET220088.pdf</subfield>
    <subfield code="y">Hacer clic para ver el&#xA0;PDF&#xA0;(785 KB). Trabajo de posgrado</subfield>
  </datafield>
  <datafield tag="912" ind1=" " ind2=" ">
    <subfield code="a">AJRP</subfield>
    <subfield code="b">AJIM</subfield>
  </datafield>
  <datafield tag="942" ind1=" " ind2=" ">
    <subfield code="2">ddc</subfield>
    <subfield code="c">TES</subfield>
  </datafield>
  <datafield tag="999" ind1=" " ind2=" ">
    <subfield code="c">14620</subfield>
    <subfield code="d">14620</subfield>
  </datafield>
</record>
